| 000 | 00490nam a2200157Ia 4500 | ||
|---|---|---|---|
| 999 |
_c17844 _d17844 |
||
| 003 | OSt | ||
| 005 | 20200606120047.0 | ||
| 008 | 190216s9999||||xx |||||||||||||| ||und|| | ||
| 040 | _cMESKC library | ||
| 082 |
_a891.431 _bGUR/M |
||
| 100 |
_aGurtu, Sachi Rani _9397 |
||
| 245 | 0 |
_aMahadevi Varma Kavya Kala Aur Jeevan Darshan / _cSachi Rani Gurtu |
|
| 260 |
_bAatmaraam End Samse, _aDelhi: _c1963. |
||
| 300 | _a268p | ||
| 942 |
_cBK _2ddc _h891.431 _iGUR/M _k891.431 _mGUR/M |
||